<?xml version="1.0" encoding="UTF-8"?>
<record
    xmlns:xsi="http://www.w3.org/2001/XMLSchema-instance"
    xsi:schemaLocation="http://www.loc.gov/MARC21/slim http://www.loc.gov/standards/marcxml/schema/MARC21slim.xsd"
    xmlns="http://www.loc.gov/MARC21/slim">

  <leader>01073nam a22002537a 4500</leader>
  <controlfield tag="005">20170123164157.0</controlfield>
  <datafield tag="010" ind1=" " ind2=" ">
    <subfield code="a">A-977747</subfield>
  </datafield>
  <datafield tag="020" ind1=" " ind2=" ">
    <subfield code="a">80.00</subfield>
  </datafield>
  <datafield tag="035" ind1=" " ind2=" ">
    <subfield code="a">A-977747</subfield>
  </datafield>
  <datafield tag="037" ind1=" " ind2=" ">
    <subfield code="b">Cen Lib/Ret</subfield>
  </datafield>
  <datafield tag="040" ind1=" " ind2=" ">
    <subfield code="a">DPL</subfield>
    <subfield code="b">PN</subfield>
  </datafield>
  <datafield tag="082" ind1=" " ind2=" ">
    <subfield code="a">858</subfield>
    <subfield code="b">&#xA05;&#xA2E;&#xA4D;&#xA30;&#xA3F;&#xA24;&#xA3E;</subfield>
  </datafield>
  <datafield tag="100" ind1=" " ind2=" ">
    <subfield code="a">&#xA05;&#xA2E;&#xA4D;&#xA30;&#xA3F;&#xA24;&#xA3E; &#xA2A;&#xA4D;&#xA30;&#xA40;&#xA24;&#xA2E; </subfield>
    <subfield code="9">131566</subfield>
  </datafield>
  <datafield tag="245" ind1=" " ind2=" ">
    <subfield code="a">&#xA05;&#xA35;&#xA3E;&#xA1C;&#xA3C; &#xA26;&#xA40; &#xA26;&#xA41;&#xA28;&#xA3F;&#xA06;&#xA02;/</subfield>
    <subfield code="c">&#xA05;&#xA2E;&#xA4D;&#xA30;&#xA3F;&#xA24;&#xA3E; &#xA2A;&#xA4D;&#xA30;&#xA40;&#xA24;&#xA2E; </subfield>
  </datafield>
  <datafield tag="246" ind1=" " ind2=" ">
    <subfield code="a">Awaz di duniya /</subfield>
    <subfield code="b">by Amrita Pritam</subfield>
  </datafield>
  <datafield tag="260" ind1=" " ind2=" ">
    <subfield code="a">&#xA26;&#xA3F;&#xA71;&#xA32;&#xA40; </subfield>
    <subfield code="b">&#xA38;&#xA3C;&#xA4D;&#xA30;&#xA40; &#xA2A;&#xA4D;&#xA30;&#xA15;&#xA3E;&#xA38;&#xA3C;&#xA28; </subfield>
    <subfield code="c">1998</subfield>
  </datafield>
  <datafield tag="270" ind1=" " ind2=" ">
    <subfield code="a">&#xA38;&#xA3C;&#xA41;&#xA2D;&#xA3E;&#xA38;&#xA3C; &#xA17;&#xA3E;&#xA32;&#xA40; &#xA35;&#xA3F;&#xA38;&#xA3C;&#xA35;&#xA3E;&#xA38;&#xA3C; &#xA28;&#xA17;&#xA30; &#xA38;&#xA3C;&#xA3E;&#xA39;&#xA26;&#xA30;&#xA3E;</subfield>
    <subfield code="b">&#xA26;&#xA3F;&#xA71;&#xA32;&#xA40;</subfield>
    <subfield code="e">110032</subfield>
  </datafield>
  <datafield tag="300" ind1=" " ind2=" ">
    <subfield code="a">107p ; </subfield>
    <subfield code="c">20cm</subfield>
  </datafield>
  <datafield tag="650" ind1=" " ind2=" ">
    <subfield code="a">Panjabi literature.</subfield>
    <subfield code="9">131567</subfield>
  </datafield>
  <datafield tag="650" ind1=" " ind2=" ">
    <subfield code="a">&#xA2A;&#xA70;&#xA1C;&#xA3E;&#xA2C;&#xA40; &#xA38;&#xA3E;&#xA39;&#xA3F;&#xA24;</subfield>
    <subfield code="9">131568</subfield>
  </datafield>
  <datafield tag="650" ind1=" " ind2=" ">
    <subfield code="a">Panjabi literature -- History and criticism. </subfield>
    <subfield code="9">24042</subfield>
  </datafield>
  <datafield tag="650" ind1=" " ind2=" ">
    <subfield code="a">&#xA2A;&#xA70;&#xA1C;&#xA3E;&#xA2C;&#xA40; &#xA38;&#xA3E;&#xA39;&#xA3F;&#xA24; - &#xA07;&#xA24;&#xA3F;&#xA39;&#xA3E;&#xA38; &#xA05;&#xA24;&#xA47; &#xA06;&#xA32;&#xA4B;&#xA1A;&#xA28;&#xA3E;.</subfield>
    <subfield code="9">131569</subfield>
  </datafield>
  <datafield tag="942" ind1=" " ind2=" ">
    <subfield code="2">ddc</subfield>
    <subfield code="c">PN</subfield>
    <subfield code="h">858</subfield>
    <subfield code="m">&#xA05;&#xA2E;&#xA4D;&#xA30;&#xA3F;&#xA24;&#xA3E; </subfield>
  </datafield>
  <datafield tag="999" ind1=" " ind2=" ">
    <subfield code="c">110785</subfield>
    <subfield code="d">110785</subfield>
  </datafield>
  <datafield tag="952" ind1=" " ind2=" ">
    <subfield code="0">0</subfield>
    <subfield code="1">0</subfield>
    <subfield code="4">0</subfield>
    <subfield code="7">0</subfield>
    <subfield code="a">L</subfield>
    <subfield code="b">L</subfield>
    <subfield code="d">2016-02-08</subfield>
    <subfield code="e">Cen Lib/Ret</subfield>
    <subfield code="g">80.00</subfield>
    <subfield code="l">0</subfield>
    <subfield code="o">858 &#xA05;&#xA2E;&#xA4D;&#xA30;&#xA3F;&#xA24;&#xA3E;</subfield>
    <subfield code="p">A-977747</subfield>
    <subfield code="r">2016-02-08 00:00:00</subfield>
    <subfield code="t">1</subfield>
    <subfield code="v">80.00</subfield>
    <subfield code="w">2016-02-08</subfield>
    <subfield code="y">PN</subfield>
  </datafield>
</record>
